| 000 | 003650000a22001570004500 | ||
|---|---|---|---|
| 003 | LK-CoMWRAF | ||
| 008 | 230817t ||||| |||| 00| 0 eng d | ||
| 040 |
_aLK-CoMWRAF _dLK-CoMWRAF _eLK-CoMWRAF |
||
| 041 | _aeng | ||
| 082 |
_a750 _bGOD |
||
| 100 | _aGodakumbura, C.E. | ||
| 245 |
_aSinhalese Architecture _b |
||
| 260 |
_b _a _c1963 |
||
| 300 | _ap.34 | ||
| 942 | _cBK | ||
| 999 |
_c2016 _d2016 |
||